[Event "World Rapid 2017"]
[Site "Riyadh KSA"]
[Date "2017.12.28"]
[Round "11.59"]
[White "Al Jabri, Mohammed Ali"]
[Black "Lodhi, Mahmood"]
[Result "1/2-1/2"]
[BlackTitle "IM"]
[WhiteElo "2154"]
[BlackElo "2347"]
[WhiteFideId "7604734"]
[BlackFideId "7800010"]
[EventDate "2017.12.26"]

1. e4 e5 2. Nf3 Nc6 3. Bc4 Bc5 4. b4 Bb6 5. c3 d6 6. d3 Nf6 7. O-O O-O 8. Bb3 a5
9. b5 Ne7 10. a4 Ng6 11. h3 c6 12. bxc6 bxc6 13. Re1 Re8 14. Na3 d5 15. exd5
Nxd5 16. Bg5 f6 17. Be3 Be6 18. Bxb6 Qxb6 19. Qc2 Rab8 20. Rab1 Qc5 21. Nc4 Ngf4
22. d4 exd4 23. Nxd4 Bf7 24. Rxe8+ Rxe8 25. Qd2 Nxc3 26. Qxc3 Qxd4 27. Qxd4 Ne2+
28. Kh2 Nxd4 29. Nd6 Bxb3 30. Nxe8 Bxa4 31. Ra1 Bb3 32. Rxa5 Kf7 33. Nc7 Kg6 34.
Rc5 Kf7 35. Na6 Ke7 36. Rc3 Kd6 37. Nc5 Bd5 38. Nd3 g5 39. Kh1 h5 40. Nc5 Ne2
41. Re3 Kxc5 42. Rxe2 Kd6 43. Kg1 c5 44. Re8 h4 45. g3 hxg3 46. fxg3 c4 47. Kf2
Kd7 48. Re3 Kd6 49. h4 Bf7 50. Kf3 Bh5+ 51. Ke4 gxh4 52. gxh4 Ke6 53. Kd4+ Kf5
54. Kxc4 Kg4 55. Re4+ Kg3 56. Kd4 f5 57. Re5 Kg4 58. Ra5 f4 59. Rg5+ Kxh4 60.
Rg1 f3 61. Ke3 Bg4 62. Kf4 Kh3 63. Ke3 Kh4 64. Kf2 Kg5 65. Kg3 Bh5 66. Ra1 Kf5
67. Ra5+ Kg6 68. Kh4 f2 69. Ra1 Be2 1/2-1/2

[Event "World Rapid 2017"]
[Site "Riyadh KSA"]
[Date "2017.12.28"]
[Round "11.60"]
[White "Masrahi, Abdulrahman A"]
[Black "Al Ghamdi, Ahmed M"]
[Result "1-0"]
[WhiteTitle "CM"]
[BlackTitle "CM"]
[WhiteElo "1962"]
[BlackElo "2159"]
[WhiteFideId "21501564"]
[BlackFideId "21500150"]
[EventDate "2017.12.26"]

1. d4 Nf6 2. Bf4 g6 3. e3 Bg7 4. h3 O-O 5. Nf3 d6 6. Be2 b6 7. O-O Bb7 8. a4 a5
9. c3 Nbd7 10. Bh2 Qe8 11. Na3 e5 12. Nb5 Rc8 13. Nd2 Qe7 14. Bf3 c6 15. Na3 e4
16. Be2 Rfd8 17. Ndc4 Ne8 18. Qb3 Rb8 19. Bg4 Ba6 20. Rfd1 Rb7 21. Bxd7 Qxd7 22.
d5 c5 23. Nb5 Bxb5 24. Qxb5 Qxb5 25. axb5 Bf8 26. f3 exf3 27. gxf3 Nc7 28. Na3
f5 29. c4 Ne8 30. Rd2 Nf6 31. Re1 Re7 32. Nb1 Bh6 33. Rde2 Kf7 34. Nc3 Rb7 35.
e4 fxe4 36. fxe4 Bg7 37. e5 dxe5 38. Rxe5 Re8 39. Re6 Rxe6 40. Rxe6 Nd7 41. Ne4
Nf8 42. Nd6+ Kg8 43. Nxb7 Nxe6 44. dxe6 Bxb2 45. Nxa5 Kg7 46. Nc6 Kf6 47. e7 Kf7
48. Bd6 Bf6 49. Bc7 Bxe7 50. Nxe7 Kxe7 51. Bxb6 Kd6 52. Kf2 g5 53. Kf3 h5 54.
Bd8 1-0

[Event "World Rapid 2017"]
[Site "Riyadh KSA"]
[Date "2017.12.28"]
[Round "11.61"]
[White "Al Saidi, Mohammed Khalfan"]
[Black "Abdyjapar, Asyl"]
[Result "0-1"]
[BlackTitle "IM"]
[WhiteElo "1468"]
[BlackElo "2382"]
[WhiteFideId "22001271"]
[BlackFideId "13800337"]
[EventDate "2017.12.26"]

1. d4 Nf6 2. c4 e6 3. Nc3 Bb4 4. Qc2 O-O 5. a3 Bxc3+ 6. Qxc3 d5 7. Bg5 dxc4 8.
Qxc4 b6 9. Nf3 Ba6 10. Qa4 Qd7 11. Qxd7 Nbxd7 12. Rc1 c5 13. dxc5 Nxc5 14. Bxf6
gxf6 15. b4 Ne4 16. e3 Rac8 17. Ra1 Bxf1 18. Rxf1 Rfd8 19. Nd4 e5 20. Nf5 Rc3
21. f3 Ng5 22. Rf2 h5 23. Rd2 Rdd3 24. Rxd3 Rxd3 25. Ke2 Rb3 26. Ra2 Ne6 27. Kd2
Rb1 28. Kd3 b5 29. Kc2 Rg1 30. Kd3 a6 31. a4 bxa4 32. Rxa4 Rxg2 33. Rxa6 Rxh2
34. b5 Nc5+ 35. Kc4 Nxa6 36. bxa6 h4 37. Kb5 h3 38. a7 Ra2 39. Kb6 h2 40. Ng3 f5
41. f4 exf4 42. exf4 Ra3 43. Nh1 Kg7 44. Kb7 Kg6 45. Ng3 Rxg3 46. a8=Q h1=Q+ 47.
Kb8 Rb3+ 0-1

[Event "World Rapid 2017"]
[Site "Riyadh KSA"]
[Date "2017.12.28"]
[Round "11.62"]
[White "Al Abdali, Zeyad Saleh"]
[Black "Lam, Daniel King-wai"]
[Result "0-1"]
[BlackTitle "FM"]
[WhiteElo "1801"]
[BlackElo "2222"]
[WhiteFideId "21501505"]
[BlackFideId "6001238"]
[EventDate "2017.12.26"]

1. d4 Nf6 2. c4 g6 3. Nf3 Bg7 4. Bg5 Ne4 5. Bf4 c5 6. e3 Qa5+ 7. Nbd2 Nxd2 8.
Qxd2 Qxd2+ 9. Kxd2 O-O 10. Rb1 cxd4 11. exd4 d6 12. Bd3 Nc6 13. Be3 e5 14. dxe5
dxe5 15. Be4 Be6 16. Rhc1 h6 17. Ke1 Rfd8 18. b4 f5 19. Bd5 Bxd5 20. cxd5 Rxd5
21. b5 Nd4 22. a4 Ne6 23. a5 f4 24. Bd2 e4 25. Ng1 Nc5 26. Rc4 b6 27. axb6 axb6
28. Nh3 g5 29. g3 Ra2 30. Bb4 Nd3+ 31. Kf1 Nxb4 32. Rcxb4 e3 33. gxf4 e2+ 34.
Ke1 Bc3# 0-1

[Event "World Rapid 2017"]
[Site "Riyadh KSA"]
[Date "2017.12.28"]
[Round "11.63"]
[White "Alem, Ali Hussien"]
[Black "Miswadah, Baha"]
[Result "0-1"]
[WhiteElo "1745"]
[BlackElo "1877"]
[WhiteFideId "21500088"]
[BlackFideId "11502118"]
[EventDate "2017.12.26"]

1. Nf3 Nf6 2. g3 e6 3. Bg2 d5 4. O-O b6 5. c4 Bb7 6. Nc3 Be7 7. d3 O-O 8. Ne5
Nbd7 9. Bf4 Nxe5 10. Bxe5 Nd7 11. Bf4 c6 12. cxd5 exd5 13. Rc1 Nf6 14. Qa4 Nh5
15. Bd2 Nf6 16. Rfd1 Qc8 17. Nxd5 Nxd5 18. Bxd5 b5 19. Qe4 cxd5 20. Qxe7 Qb8 21.
Rc7 Bc8 22. Bb4 Be6 23. Rdc1 Re8 24. Rb7 Qe5 25. Rxa7 Rad8 26. Qc5 Qxe2 27. Bc3
Qxd3 28. Qd4 Qxd4 29. Bxd4 Ra8 30. Rcc7 h6 31. a3 Rac8 32. Rxc8 Rxc8 33. Rb7 Rc4
34. Rb8+ Kh7 35. Be3 d4 36. Bf4 g5 37. Be5 Bh3 38. f4 gxf4 39. Rxb5 d3 40. Rd5
Rc1+ 41. Kf2 Rf1# 0-1

[Event "World Rapid 2017"]
[Site "Riyadh KSA"]
[Date "2017.12.28"]
[Round "11.64"]
[White "Salama, Taher"]
[Black "Bukannan, Ahmed A"]
[Result "0-1"]
[WhiteElo "1769"]
[BlackElo "1929"]
[WhiteFideId "11502231"]
[BlackFideId "21504164"]
[EventDate "2017.12.26"]

1. d4 d5 2. c4 dxc4 3. e4 Nc6 4. Nf3 Bg4 5. Bxc4 e6 6. Be3 Nf6 7. Nc3 Bb4 8. Bd3
O-O 9. Bc2 Qd7 10. Qd3 Nxe4 11. O-O Bxc3 12. bxc3 Nf6 13. Qe2 Qd5 14. Rfb1 a6
15. h3 Bxf3 16. Qxf3 Qxf3 17. gxf3 Rab8 18. Kh2 Nd5 19. Bd2 Rfd8 20. Rg1 Nde7
21. Rg4 Ne5 22. Rg3 N5g6 23. Rag1 Nf5 24. Bxf5 exf5 25. h4 f4 26. Rg4 h5 27. Rg5
Nxh4 28. Rxg7+ Kf8 29. Kh3 Ng6 30. Rh7 c5 31. Rxh5 cxd4 32. cxd4 Kg7 33. Bxf4
Rh8 34. Rg5 Rxh5+ 0-1

[Event "World Rapid 2017"]
[Site "Riyadh KSA"]
[Date "2017.12.28"]
[Round "11.65"]
[White "Al Habeeb, Emad"]
[Black "Al Zamel, Khaled"]
[Result "0-1"]
[WhiteElo "1933"]
[BlackElo "1942"]
[WhiteFideId "21500029"]
[BlackFideId "21500967"]
[EventDate "2017.12.26"]

1. d4 d6 2. c4 c6 3. e4 Qc7 4. Nc3 Nf6 5. Nf3 Bg4 6. Be2 Nbd7 7. O-O e5 8. d5
Bh5 9. Be3 Bg6 10. Bd3 Be7 11. Qc2 O-O 12. Rad1 Rfd8 13. Bg5 h6 14. Bc1 Bh5 15.
Qe2 Nf8 16. h3 Qd7 17. Qe3 Ng6 18. g4 Nxg4 19. hxg4 Qxg4+ 20. Kh1 Qxf3+ 21. Qxf3
Bxf3+ 22. Kh2 Bxd1 23. Nxd1 Bg5 24. Ne3 Nf4 25. Bb1 Ne2 26. Bd2 cxd5 27. exd5
Nd4 28. Be4 f5 29. Bg2 Rac8 30. Bc3 Bxe3 31. fxe3 Ne2 32. Rxf5 Nxc3 33. bxc3
Rxc4 34. Rf2 Rxc3 35. e4 Rdc8 0-1

[Event "World Rapid 2017"]
[Site "Riyadh KSA"]
[Date "2017.12.28"]
[Round "11.66"]
[White "Al Omary, Ahmed"]
[Black "Al Bargi, Hassan M"]
[Result "1-0"]
[WhiteElo "1875"]
[BlackElo "1579"]
[WhiteFideId "21500207"]
[BlackFideId "21501475"]
[EventDate "2017.12.26"]

1. d4 d5 2. c4 e6 3. Nc3 Nf6 4. Nf3 Be7 5. cxd5 exd5 6. g3 c6 7. Bg2 O-O 8. O-O
Re8 9. Re1 Bf5 10. Qb3 Qb6 11. Bf4 Qxb3 12. axb3 Nbd7 13. h3 Ne4 14. g4 Bg6 15.
Ne5 Nxe5 16. Bxe5 Bh4 17. Nxe4 Bxe4 18. Bxe4 dxe4 19. e3 c5 20. Rec1 cxd4 21.
Bxd4 a6 22. Rc7 b5 23. b4 Rec8 24. Rxa6 h6 25. Rxc8+ Rxc8 26. Bc3 Rd8 27. Rb6
Rd5 28. Bd4 Be7 29. Bc3 h5 30. Kg2 h4 31. f3 exf3+ 32. Kxf3 f5 33. Rg6 fxg4+ 34.
Kxg4 Bf8 35. Kxh4 Kh7 36. Rb6 Be7+ 37. Kg4 Rg5+ 38. Kf4 Rh5 39. Rb7 Bf8 40. Kg4
Rd5 41. e4 Rd1 42. Rxb5 Rg1+ 43. Kf3 Rb1 44. Rb7 Rf1+ 45. Kg2 Rd1 46. b5 Kh6 47.
Rf7 Rd8 48. b6 1-0

[Event "World Rapid 2017"]
[Site "Riyadh KSA"]
[Date "2017.12.28"]
[Round "11.67"]
[White "Alanazy, Mohammed"]
[Black "Al Juhani, Bakr"]
[Result "1/2-1/2"]
[WhiteElo "1850"]
[BlackElo "1854"]
[WhiteFideId "21508488"]
[BlackFideId "21500185"]
[EventDate "2017.12.26"]

1. e4 c5 2. c4 g6 3. Nf3 d6 4. d4 cxd4 5. Nxd4 Nf6 6. Nc3 Bg7 7. Be2 Nc6 8. Be3
O-O 9. O-O Bd7 10. Rc1 Rc8 11. Qd2 Re8 12. Rfd1 Ne5 13. Nd5 Nxd5 14. cxd5 Ng4
15. Bxg4 Bxg4 16. f3 Bd7 17. Ne2 a6 18. b3 Bb5 19. Ng3 Rxc1 20. Rxc1 e5 21. Kh1
Qe7 22. a4 Bd7 23. Rc7 b5 24. a5 Ra8 25. Bb6 Qe8 26. h3 Bf6 27. Nf1 Bd8 28. Ra7
Rxa7 29. Bxa7 Bc7 30. Bb6 Qd8 31. Qf2 Bc8 32. Nh2 Kg7 33. Qe3 h5 34. b4 Qd7 35.
f4 f6 36. fxe5 fxe5 37. Nf3 Bd8 38. Bxd8 Qxd8 39. Ng5 Qe7 40. h4 Qc7 41. Qf2
Qc1+ 42. Kh2 Qf4+ 43. Qxf4 exf4 44. Kg1 Kf6 45. Kf2 Bg4 46. Ke1 Ke5 47. Kd2 Kd4
48. Kc2 Kc4 49. Nf7 Kxb4 50. Nxd6 Kc5 51. Nf7 Kd4 52. Ng5 Kc5 53. Kb3 Bd1+ 54.
Kb2 Bg4 55. Kc3 b4+ 56. Kb3 Bd1+ 57. Kb2 Ba4 58. Ne6+ Kd6 59. Nxf4 Ke5 60. Nd3+
Kxe4 61. Nc5+ Kxd5 62. Nxa4 Kc4 63. Nb6+ Kb5 64. Kb3 Kxa5 65. Nd5 Kb5 66. Nxb4
a5 67. Nd3 a4+ 68. Ka3 Kc4 69. Ne5+ Kd4 70. Nxg6 Ke4 71. Kxa4 Kf5 72. Ne7+ Kg4
73. Ng6 Kf5 1/2-1/2

[Event "World Rapid 2017"]
[Site "Riyadh KSA"]
[Date "2017.12.28"]
[Round "12.5"]
[White "Rakhmanov, Aleksandr"]
[Black "Mamedov, Rauf"]
[Result "1/2-1/2"]
[WhiteTitle "GM"]
[BlackTitle "GM"]
[WhiteElo "2653"]
[BlackElo "2709"]
[WhiteFideId "4173708"]
[BlackFideId "13401653"]
[EventDate "2017.12.26"]

1. c4 c5 2. Nc3 g6 3. g3 Bg7 4. Bg2 Nc6 5. d3 d6 6. e3 Nf6 7. Nge2 Bd7 8. b3 Qc8
9. h3 O-O 10. Bb2 a6 11. Qd2 Rb8 12. Rd1 b5 13. Nf4 Re8 14. Ncd5 e5 15. Nxf6+
Bxf6 16. Nd5 Bg7 17. Ba1 Ne7 18. Nxe7+ Rxe7 19. h4 h5 20. O-O 1/2-1/2

[Event "World Rapid 2017"]
[Site "Riyadh KSA"]
[Date "2017.12.28"]
[Round "12.6"]
[White "Kravtsiv, Martyn"]
[Black "Grischuk, Alexander"]
[Result "0-1"]
[WhiteTitle "GM"]
[BlackTitle "GM"]
[WhiteElo "2672"]
[BlackElo "2772"]
[WhiteFideId "14113147"]
[BlackFideId "4126025"]
[EventDate "2017.12.26"]

1. e4 e5 2. Nf3 Nc6 3. Bc4 Bc5 4. O-O Nf6 5. d3 d6 6. c3 h6 7. b4 Bb6 8. Nbd2
Ne7 9. Bb3 c6 10. d4 Ng6 11. Nc4 O-O 12. dxe5 dxe5 13. Qxd8 Bxd8 14. Ncxe5 Nxe5
15. Nxe5 Nxe4 16. Re1 Nf6 17. Ba3 Bc7 18. Ng6 Rd8 19. Re7 Bd6 20. Bxf7+ Kh7 21.
Ree1 Rd7 22. Be6 Kxg6 23. Bxd7 Bxd7 24. Rad1 Bf8 25. Bb2 Kf7 26. a3 Be6 27. h3
b5 28. Bc1 a5 29. Bf4 Bd5 30. Be5 Nd7 31. Bd4 a4 32. Re3 Re8 33. Rxe8 Kxe8 34.
f3 Kf7 35. Kf2 Be7 36. g3 Nf6 37. Re1 Ne8 38. h4 h5 39. Be5 g6 40. Rd1 Nd6 41.
Bxd6 Bxd6 42. Re1 Be7 43. Ke3 Bf6 44. Rc1 Ke6 45. Rc2 Kf5 46. Rc1 Be5 47. Kf2
Bc7 48. Re1 Kf6 49. Rd1 Be5 50. Rd3 Bc4 51. Re3 Bc7 52. Kg2 Bd6 53. Kf2 c5 54.
Kg2 cxb4 55. cxb4 Be5 56. g4 Bd4 57. Re8 Bb2 58. Re3 Bb3 59. gxh5 gxh5 60. f4
Bxa3 61. Re5 Bb2 62. Rxb5 a3 63. Rxh5 a2 64. Ra5 a1=Q 65. Rxa1 Bxa1 66. Kf3 Bc3
67. b5 Ba4 0-1

[Event "World Rapid 2017"]
[Site "Riyadh KSA"]
[Date "2017.12.28"]
[Round "12.7"]
[White "Artemiev, Vladislav"]
[Black "Korobov, Anton"]
[Result "1-0"]
[WhiteTitle "GM"]
[BlackTitle "GM"]
[WhiteElo "2691"]
[BlackElo "2652"]
[WhiteFideId "24101605"]
[BlackFideId "14105730"]
[EventDate "2017.12.26"]

1. e4 c5 2. Nf3 d6 3. Nc3 a6 4. g3 b5 5. d4 cxd4 6. Nxd4 Bb7 7. Bg2 e6 8. O-O
Nf6 9. Re1 Nbd7 10. e5 Bxg2 11. exf6 Bb7 12. fxg7 Bxg7 13. Nxe6 fxe6 14. Rxe6+
Kf8 15. Rxd6 Qc8 16. Rxd7 Qc6 17. Qd5 Qxd5 18. Nxd5 Bc6 19. Rd6 Rc8 20. Nb6 Rc7
21. Bf4 Bxb2 22. Re1 Kf7 23. Rde6 1-0

[Event "World Rapid 2017"]
[Site "Riyadh KSA"]
[Date "2017.12.28"]
[Round "12.8"]
[White "Yu, Yangyi"]
[Black "Savchenko, Boris"]
[Result "1-0"]
[WhiteTitle "GM"]
[BlackTitle "GM"]
[WhiteElo "2751"]
[BlackElo "2566"]
[WhiteFideId "8603820"]
[BlackFideId "4147332"]
[EventDate "2017.12.26"]

1. d4 Nf6 2. c4 g6 3. g3 Bg7 4. Bg2 d5 5. Nf3 O-O 6. O-O dxc4 7. Na3 c3 8. bxc3
c5 9. Re1 Nc6 10. e4 Bg4 11. Bb2 e5 12. d5 Na5 13. c4 Ne8 14. Qa4 Bxf3 15. Bxf3
Nd6 16. Rac1 a6 17. Qc2 Rb8 18. Be2 Qc7 19. Nb1 b6 20. Nd2 Rbe8 21. Bc3 Bh6 22.
Rb1 f6 23. Bd3 Rb8 24. a4 Nab7 25. Kg2 Nf7 26. Nf3 Nbd6 27. h4 Qd7 28. Rb2 Rb7
29. Reb1 Rfb8 30. Be2 Kg7 31. Nh2 Kf8 32. f4 Bg7 33. fxe5 Nxe5 34. Bxe5 fxe5 35.
Bg4 Qd8 36. Be6 Ke8 37. Rf1 b5 38. cxb5 c4 39. Ng4 axb5 40. axb5 Rxb5 41. Ra2
Qb6 42. Kh3 Rb3 43. Qg2 Qd4 44. Re2 Rb2 45. Rff2 c3 46. Qf3 Rxe2 47. Rxe2 Rb2
48. Rxb2 cxb2 49. Qb3 Ke7 50. Qb8 Qc5 51. Qg8 Qb5 52. Qxg7+ Kd8 53. Qf6+ Kc7 54.
Qe7+ Kb6 55. Qxd6+ Ka7 56. Qe7+ Qb7 57. Qa3+ Kb8 58. Qd6+ Ka7 59. Qa3+ Kb8 60.
Qf8+ Ka7 61. Qc5+ Qb6 62. Qa3+ Kb7 63. Qe7+ Ka8 64. d6 Qb5 1-0

[Event "World Rapid 2017"]
[Site "Riyadh KSA"]
[Date "2017.12.28"]
[Round "12.9"]
[White "Quparadze, Giga"]
[Black "Le, Quang Liem"]
[Result "1/2-1/2"]
[WhiteTitle "GM"]
[BlackTitle "GM"]
[WhiteElo "2506"]
[BlackElo "2737"]
[WhiteFideId "13602250"]
[BlackFideId "12401137"]
[EventDate "2017.12.26"]

1. e4 e6 2. d4 d5 3. Nd2 c5 4. Ngf3 cxd4 5. Nxd4 Nc6 6. Bb5 Bd7 7. Nxc6 bxc6 8.
Bd3 Bd6 9. O-O Qc7 10. h3 Ne7 11. c4 O-O 12. Nf3 h6 13. Qe2 e5 14. c5 Bxc5 15.
exd5 Bd6 16. dxc6 Bxc6 17. Re1 Rae8 18. Bb5 Qb7 19. Bxc6 Nxc6 20. Be3 e4 21. Nd4
Nxd4 22. Bxd4 Re6 23. Rac1 Rfe8 24. a4 a6 25. Qc4 Kh7 26. Kf1 f5 27. Rc3 Rg6 28.
Rb3 Qe7 29. Qd5 Bb4 30. Bc3 Bxc3 31. Rxc3 Qf6 32. Rc5 Qg5 33. g3 Rf6 34. Kg2 Qg6
35. b4 f4 36. g4 f3+ 37. Kg3 e3 38. Qh5 Qxh5 39. gxh5 e2 40. Rc3 Re5 41. h4 Rxh5
42. Rxf3 Rxf3+ 43. Kxf3 Rxh4 44. b5 Rxa4 45. bxa6 Rxa6 46. Rxe2 Rg6 47. Re5 Rg1
48. Re6 h5 49. Ra6 g6 50. Ra5 Kh6 51. Ra4 Kg5 52. Rb4 Kh6 53. Ra4 Rg5 54. Ke2
Rf5 55. Kf1 Kg5 56. Kg2 Rf4 57. Ra5+ Kh4 58. Ra6 g5 59. Ra1 Rf5 60. f3 g4 61.
fxg4 hxg4 62. Kg1 Rb5 63. Rc1 Kh3 64. Ra1 Rb2 65. Rc1 g3 66. Ra1 Rg2+ 67. Kh1
Rf2 68. Kg1 Rf3 69. Rc1 g2 70. Ra1 Kg3 71. Rc1 1/2-1/2

[Event "World Rapid 2017"]
[Site "Riyadh KSA"]
[Date "2017.12.28"]
[Round "12.10"]
[White "Onischuk, Vladimir"]
[Black "Adhiban, Baskaran"]
[Result "1-0"]
[WhiteTitle "GM"]
[BlackTitle "GM"]
[WhiteElo "2637"]
[BlackElo "2655"]
[WhiteFideId "14114038"]
[BlackFideId "5018471"]
[EventDate "2017.12.26"]

1. e4 c5 2. Nf3 d6 3. d4 cxd4 4. Nxd4 Nf6 5. Nc3 g6 6. g3 Bg7 7. Bg2 O-O 8. h3
Bd7 9. O-O Nc6 10. Nb3 Rc8 11. Nd5 a5 12. a4 Ne5 13. Re1 Re8 14. c3 Nc4 15. Nd4
e6 16. Nxf6+ Bxf6 17. Qb3 Qb6 18. Qxb6 Nxb6 19. Nb5 Nc4 20. Bf1 Ne5 21. Rd1 Bc6
22. f4 Bxb5 23. Bxb5 Nc6 24. Rxd6 Red8 25. Rxd8+ Rxd8 26. Be3 e5 27. Kf2 Ne7 28.
Ke2 Nc8 29. Rd1 Rxd1 30. Kxd1 Nd6 31. Bd3 exf4 32. gxf4 Bd8 33. Kc2 f5 34. e5
Ne4 35. Kb3 Kf7 36. Bc4+ Ke7 37. Bd5 b6 38. Kc4 Ng3 39. Kb5 Kd7 40. Bf3 Ne4 41.
Bxb6 Bxb6 42. Kxb6 g5 43. fxg5 Nxg5 44. Bc6+ Ke6 45. b4 axb4 46. cxb4 f4 47. a5
f3 48. a6 f2 49. Bg2 Ne4 50. a7 1-0

[Event "World Rapid 2017"]
[Site "Riyadh KSA"]
[Date "2017.12.28"]
[Round "12.11"]
[White "Rapport, Richard"]
[Black "Saric, Ivan"]
[Result "1/2-1/2"]
[WhiteTitle "GM"]
[BlackTitle "GM"]
[WhiteElo "2707"]
[BlackElo "2669"]
[WhiteFideId "738590"]
[BlackFideId "14508150"]
[EventDate "2017.12.26"]

1. b3 e5 2. Bb2 Nc6 3. e3 Nf6 4. Bb5 e4 5. Ne2 a6 6. Bxc6 dxc6 7. Nbc3 Bf5 8.
Ng3 Bg6 9. h4 h5 10. Nce2 Nd5 11. a3 Be7 12. c4 Nf6 13. Nf4 Qd7 14. Qc2 O-O-O
15. O-O-O Rh6 16. Kb1 Bh7 17. Ka2 Bd6 18. Nge2 Bf8 19. Bc3 Ng4 20. Rhf1 Qe7 21.
Qb2 f6 22. Bb4 c5 23. Bc3 Bg8 24. f3 exf3 25. gxf3 Ne5 26. e4 c6 27. Ng3 g6 28.
d3 Bf7 29. Qc2 Rh8 30. Ng2 Bh6 31. f4 Ng4 32. Qe2 Rhg8 33. Kb2 f5 34. e5 Be6 35.
Ba5 Rd7 36. Bb6 Re8 37. Ka2 Bf8 38. Qd2 Red8 39. Ne2 Nh2 40. Rf2 Ng4 41. Rff1
Nh2 42. Rf2 Ng4 43. Rf3 Nh2 44. Rg3 Ng4 45. Nc3 Bh6 46. Qe2 Rd4 47. Rf1 Qd7 48.
Bxd8 Qxd8 49. Nb1 b5 50. Nd2 a5 51. a4 Bf8 52. Rd1 Be7 53. Nf3 Rd7 54. Rd2 Rb7
55. Rb2 Rd7 56. Rd2 Rb7 57. Rh3 bxa4 58. bxa4 Rb4 59. Ka3 Rb1 60. Ka2 Rb4 61.
Ka3 Rb1 62. Rb2 Ra1+ 63. Ra2 Rb1 64. Rb2 Ra1+ 65. Ra2 Rb1 66. Rb2 Ra1+ 67. Ra2 1/2-1/2

[Event "World Rapid 2017"]
[Site "Riyadh KSA"]
[Date "2017.12.28"]
[Round "12.13"]
[White "Bu, Xiangzhi"]
[Black "Cheparinov, Ivan"]
[Result "1-0"]
[WhiteTitle "GM"]
[BlackTitle "GM"]
[WhiteElo "2730"]
[BlackElo "2710"]
[WhiteFideId "8601445"]
[BlackFideId "2905540"]
[EventDate "2017.12.26"]

1. Nf3 d5 2. d4 Nf6 3. c4 e6 4. Bg5 Be7 5. Nc3 h6 6. Bxf6 Bxf6 7. Qb3 dxc4 8.
Qxc4 O-O 9. e3 b6 10. Be2 Bb7 11. O-O Nd7 12. Rfd1 a6 13. a4 Rc8 14. b4 c5 15.
dxc5 bxc5 16. b5 axb5 17. axb5 Qe7 18. Rac1 Nb6 19. Qa2 Ra8 20. Qc2 Rfc8 21. Ne4
Bd5 22. Nxf6+ Qxf6 23. e4 Ra2 24. Qd3 Bb7 25. Qe3 Qe7 26. Ne5 Qg5 27. f4 Rxe2
28. Qxe2 Qxf4 29. Nd3 Qxe4 30. Qxe4 Bxe4 31. Nxc5 Bd5 32. Na6 Ra8 33. Rd2 Kf8
34. Rc7 Nc4 35. Rf2 f6 36. Nb4 Nb6 37. Rfc2 Ra1+ 38. Kf2 Rb1 39. Nxd5 Nxd5 40.
Rb7 Kg8 41. h4 h5 42. Ra2 Kh7 43. Raa7 Kg6 44. Rxg7+ Kf5 45. Rh7 Rb2+ 46. Kf3
Rb3+ 47. Ke2 Nf4+ 48. Kd2 Rxb5 49. g3 Rd5+ 50. Ke3 Rd3+ 51. Kf2 Nd5 52. Rxh5+
Kg4 53. Rh8 Rf3+ 54. Ke2 Nc3+ 55. Ke1 Ne4 56. Rg7+ Kh3 57. h5 Nxg3 58. h6 Nf5
59. h7 1-0

[Event "World Rapid 2017"]
[Site "Riyadh KSA"]
[Date "2017.12.28"]
[Round "12.14"]
[White "Karjakin, Sergey"]
[Black "Pantsulaia, Levan"]
[Result "1/2-1/2"]
[WhiteTitle "GM"]
[BlackTitle "GM"]
[WhiteElo "2760"]
[BlackElo "2612"]
[WhiteFideId "14109603"]
[BlackFideId "13602071"]
[EventDate "2017.12.26"]

1. e4 c6 2. d4 d5 3. e5 Bf5 4. Nf3 e6 5. Be2 Nd7 6. O-O Bg6 7. a4 a5 8. Nbd2 Nh6
9. Nb3 Be7 10. Bxh6 gxh6 11. c3 Qb6 12. Ra2 O-O 13. g3 f6 14. exf6 Bxf6 15. Nc1
e5 16. dxe5 Nxe5 17. Nxe5 Bxe5 18. Bd3 Bg7 19. Bxg6 hxg6 20. Nd3 Rae8 21. Ra1
Re4 22. Qc2 g5 23. Rae1 Rfe8 24. Rxe4 dxe4 25. Nc1 e3 26. Qb3+ Qxb3 27. Nxb3
exf2+ 28. Kxf2 b6 29. Nd2 Bf8 30. Kf3 Bc5 31. Nc4 h5 32. h3 Kg7 33. Rd1 Rf8+ 34.
Ke4 h4 35. Rd3 hxg3 36. Rxg3 Rf4+ 37. Kd3 Kh6 38. Ne5 Kh5 39. Nf3 Be7 40. b3 b5
41. Ne5 bxa4 42. bxa4 Rxa4 43. Nxc6 Bf6 44. Kc2 Kh4 45. Rd3 Ra3 46. Rf3 Rxc3+
47. Rxc3 Bxc3 48. Kxc3 a4 49. Ne5 Kxh3 50. Kb4 g4 51. Nxg4 Kxg4 52. Kxa4 1/2-1/2

[Event "World Rapid 2017"]
[Site "Riyadh KSA"]
[Date "2017.12.28"]
[Round "12.16"]
[White "Harikrishna, Pentala"]
[Black "Aronian, Levon"]
[Result "1-0"]
[WhiteTitle "GM"]
[BlackTitle "GM"]
[WhiteElo "2744"]
[BlackElo "2805"]
[WhiteFideId "5007003"]
[BlackFideId "13300474"]
[EventDate "2017.12.26"]

1. c4 g6 2. e4 e5 3. d4 Nf6 4. Nf3 exd4 5. e5 Ne4 6. Qxd4 Bb4+ 7. Kd1 f5 8. exf6
Nxf6 9. Bh6 Nc6 10. Qe3+ Kf7 11. c5 d5 12. cxd6 cxd6 13. Bb5 Ng4 14. Qf4+ Bf5
15. Bxc6 bxc6 16. Qc4+ Be6 17. Qxb4 Nxh6 18. Qf4+ Kg7 19. Re1 Re8 20. Nd4 Bg4+
21. f3 Rxe1+ 22. Kxe1 Qb6 23. fxg4 Re8+ 24. Kd1 Qxb2 25. Nc2 Qb5 26. Nd2 Qe2+
27. Kc1 Qxg2 28. Rb1 Qg1+ 29. Kb2 Qxg4 30. Qxd6 Re2 31. Re1 Nf7 32. Qd3 Rxe1 33.
Nxe1 Qb4+ 34. Kc2 Qa4+ 35. Qb3 Qf4 36. Nef3 Kh6 37. Qc4 Qf5+ 38. Kc1 Qf6 39. Kc2
Ne5 40. Nxe5 Qxe5 41. Nf3 Qf5+ 42. Qd3 Qc5+ 43. Kd1 Kh5 44. Qd4 Qd5 45. Qxd5+
cxd5 46. h3 g5 47. a4 g4 48. hxg4+ Kxg4 49. Ne5+ Kf4 50. Nc6 h5 51. Ke2 h4 52.
Nxa7 h3 53. Kf2 Ke5 54. Nb5 Ke6 55. Kg3 Kd7 56. Nd4 Kc7 57. Kxh3 Kb6 58. Nb3 d4
59. Kg3 1-0

[Event "World Rapid 2017"]
[Site "Riyadh KSA"]
[Date "2017.12.28"]
[Round "12.17"]
[White "Dreev, Aleksey"]
[Black "Petrosian, Tigran L."]
[Result "1-0"]
[WhiteTitle "GM"]
[BlackTitle "GM"]
[WhiteElo "2653"]
[BlackElo "2601"]
[WhiteFideId "4100107"]
[BlackFideId "13301616"]
[EventDate "2017.12.26"]

1. d4 d6 2. Nf3 Bg4 3. e4 Nf6 4. Bd3 e6 5. O-O Be7 6. Re1 Bh5 7. Bg5 O-O 8. Nbd2
Nbd7 9. c3 c5 10. h3 Re8 11. a4 a6 12. a5 cxd4 13. cxd4 e5 14. Qa4 Rc8 15. Qa2
exd4 16. Nxd4 Nc5 17. Bc2 Bg6 18. Nf5 Ne6 19. Bxf6 Bxf6 20. Ba4 Rf8 21. Nc4 Bxf5
22. exf5 Nf4 23. Rad1 Qc7 24. Nb6 Rcd8 25. g3 Nxh3+ 26. Kg2 Qc5 27. Kxh3 Qxf2
28. Qd5 h5 29. Nd7 Rxd7 30. Bxd7 h4 31. Qg2 Qc5 32. gxh4 Qxa5 33. Qd5 Qb4 34.
Re4 Qxb2 35. Qxd6 Kh7 36. Qd2 Qb6 37. Qe2 Rd8 38. Qh5+ Kg8 39. Rde1 Rf8 40. Re8
Qb3+ 41. R1e3 Rxe8 42. Rxb3 1-0